| 000 | 00459nam a2200181Ia 4500 | ||
|---|---|---|---|
| 005 | 20250603144751.0 | ||
| 008 | 250603s9999 xx 000 0 und d | ||
| 020 | _a9789785215397 | ||
| 050 | _aHE 8697.4 .O53/ | ||
| 100 | _aOnabajo, Olufemi | ||
| 245 | 0 | _aCurrent trends in international and foreign broadcasting | |
| 260 | _aIbadan | ||
| 260 | _bPenthouse Publications (Nig.) | ||
| 260 | _c2016 | ||
| 300 | _a209 p | ||
| 650 | _aIbadan | ||
| 942 | _cBK | ||
| 999 |
_c39889 _d39889 |
||